[Event "68th ch-BUL"]
[Site "Sofia BUL"]
[Date "2004.04.24"]
[Round "1"]
[White "Georgiev,Kr"]
[Black "Dimitrov,V"]
[Result "1/2-1/2"]
[WhiteElo "2461"]
[BlackElo "2459"]
[EventDate "2004.04.24"]

1. e4 e5 2. Nf3 Nc6 3. Bb5 a6 4. Ba4 Nf6 5. O-O Be7 6. Bxc6 dxc6 7. d3 Nd7
8. Nbd2 O-O 9. Nc4 Bf6 10. d4 exd4 11. e5 Be7 12. Qxd4 Nb6 1/2-1/2

[Event "68th ch-BUL"]
[Site "Sofia BUL"]
[Date "2004.04.24"]
[Round "1"]
[White "Dochev,D"]
[Black "Kolev,At"]
[Result "1/2-1/2"]
[WhiteElo "2359"]
[BlackElo "2540"]
[EventDate "2004.04.24"]

1. e4 c5 2. Nf3 Nc6 3. d4 cxd4 4. Nxd4 Nf6 5. Nc3 g6 6. Nxc6 dxc6 7. Qxd8+
Kxd8 8. f4 Ke8 9. e5 Nd7 10. Ne4 f6 11. Bc4 Nb6 12. Bb3 fxe5 13. fxe5 Bg7
14. Bf4 Nd5 15. Bg3 Rf8 16. O-O-O Bg4 17. Rde1 Bh6+ 18. Kb1 Ne3 1/2-1/2

[Event "68th ch-BUL"]
[Site "Sofia BUL"]
[Date "2004.04.24"]
[Round "1"]
[White "Genov,Peta"]
[Black "Radulski,J"]
[Result "1/2-1/2"]
[WhiteElo "2483"]
[BlackElo "2497"]
[EventDate "2004.04.24"]

1. d4 e6 2. c4 f5 3. g3 Nf6 4. Bg2 c6 5. Qc2 d5 6. Nh3 Bd6 7. O-O O-O 8.
Bf4 Be7 9. Nd2 Kh8 10. Rad1 a5 11. a3 1/2-1/2

[Event "68th ch-BUL"]
[Site "Sofia BUL"]
[Date "2004.04.24"]
[Round "1"]
[White "Rusev,K"]
[Black "Nikolov,M"]
[Result "1/2-1/2"]
[WhiteElo "2395"]
[BlackElo "2364"]
[EventDate "2004.04.24"]

1. c4 Nf6 2. g3 c5 3. Bg2 d5 4. cxd5 Nxd5 5. Nc3 Nc7 6. Nf3 Nc6 7. O-O e5
8. Ne1 h5 9. d3 h4 10. f4 hxg3 11. hxg3 exf4 12. Bxf4 Be6 13. Qa4 Nd5 14.
Bxd5 Bxd5 15. e4 Be6 16. Nb5 Rc8 17. Nxa7 Ra8 18. Nxc6 Rxa4 19. Nxd8 Kxd8
20. a3 Be7 21. Nf3 f6 22. Rac1 Bg4 23. Kf2 Kd7 24. Rh1 Raa8 25. Be3 Rxh1
26. Rxh1 Rd8 27. d4 cxd4 28. Nxd4 Ke8 29. Nf5 Kf7 30. Rh4 Bd1 31. e5 Bb3
32. Nxe7 Kxe7 33. Rh7 Kf7 34. exf6 Kxf6 35. Rh5 Rd5 36. Rh8 Rd7 37. Rc8 Kf5
38. Rc5+ Bd5 39. Rb5 Ke6 40. Bf4 Bc6 41. Re5+ Kf6 42. b4 Rd5 43. Rxd5 Bxd5
44. Ke3 Ke6 45. Kd4 Bg2 46. Kc5 Kd7 47. Kb6 Kc8 48. Be5 g6 49. Bd4 Bf3 50.
Bc3 Bd1 51. Kc5 Kd7 52. b5 Bc2 53. Ba5 Bd1 54. Bb6 Bc2 55. Kd5 Ba4 56. Kc5
Bd1 57. Kb4 Bc2 58. a4 Bd1 59. a5 Be2 60. Be3 Kd6 61. Bc5+ Kd5 62. Be3 Bf1
63. b6 Kc6 64. Kc3 Kb5 1/2-1/2

[Event "68th ch-BUL"]
[Site "Sofia BUL"]
[Date "2004.04.24"]
[Round "1"]
[White "Spasov,V"]
[Black "Iotov,V"]
[Result "1-0"]
[WhiteElo "2542"]
[BlackElo "2342"]
[EventDate "2004.04.24"]

1. e4 c5 2. Nf3 e6 3. b3 a6 4. Bb2 d6 5. d4 cxd4 6. Nxd4 Nf6 7. Bd3 b6 8.
Nc3 Bb7 9. Qe2 Nbd7 10. O-O-O g6 11. Bc4 Bh6+ 12. Kb1 Qe7 13. h4 O-O 14. h5
Bg7 15. hxg6 hxg6 16. Bd3 b5 17. f4 e5 18. fxe5 Nxe5 19. g4 Nfxg4 20. Rdg1
Nxd3 21. cxd3 Bxd4 22. Nd5 Qe5 23. Ne7+ Kg7 24. Qxg4 Kf6 25. Nxg6 fxg6 26.
Rf1+ Ke7 27. Rh7+ Qg7 28. Rxg7+ 1-0

[Event "68th ch-BUL"]
[Site "Sofia BUL"]
[Date "2004.04.24"]
[Round "1"]
[White "Cheparinov,I"]
[Black "Grigorov,G"]
[Result "1-0"]
[WhiteElo "2555"]
[BlackElo "2275"]
[EventDate "2004.04.24"]

1. e4 c5 2. Nf3 Nf6 3. Nc3 d5 4. exd5 Nxd5 5. d4 Nxc3 6. bxc3 e6 7. Bd3 Nc6
8. O-O Be7 9. Qe2 O-O 10. Rd1 cxd4 11. cxd4 Nb4 12. Be4 Nd5 13. Ne5 f5 14.
Bxd5 exd5 15. a4 Bf6 16. Qb5 Re8 17. f4 Re7 18. Ba3 Rc7 19. c4 Be6 20. c5
Bxe5 21. dxe5 Qe8 22. Rd4 Qc6 23. Rb1 Kf7 24. Qd3 Rac8 25. a5 Qa6 26. Qxa6
bxa6 27. Kf2 Ke8 28. Rd3 Kd7 29. Ke3 Kc6 30. Kd4 Rb7 31. Rxb7 Kxb7 32. Rh3
Bg8 33. e6 Re8 34. c6+ Kc7 35. e7 Kxc6 36. Rg3 g6 37. Rc3+ Kd7 38. Ke5 d4
39. Rd3 Rc8 40. Rxd4+ Ke8 41. Kf6 Bc4 42. Kg7 Bb5 43. Kxh7 Bd7 44. Kxg6
Rc6+ 45. Bd6 Rc2 46. g4 fxg4 47. f5 Rf2 48. f6 Rf1 49. Bf4 1-0

[Event "68th ch-BUL"]
[Site "Sofia BUL"]
[Date "2004.04.24"]
[Round "1"]
[White "Bratanov,Z"]
[Black "Chatalbashev,B"]
[Result "0-1"]
[WhiteElo "2427"]
[BlackElo "2543"]
[EventDate "2004.04.24"]

1. e4 g6 2. d4 Bg7 3. Nf3 d6 4. Nc3 Nf6 5. Be2 O-O 6. O-O Nc6 7. Be3 e5 8.
dxe5 dxe5 9. Qxd8 Rxd8 10. Bc4 h6 11. h3 b6 12. Nd5 Na5 13. Nxf6+ Bxf6 14.
Be2 Bb7 15. b4 Nc6 16. c3 a5 17. a3 Ne7 18. Nd2 Bg5 19. Bxg5 hxg5 20. Rad1
axb4 21. axb4 Kg7 22. f3 Ra2 23. Nc4 Rxd1 24. Bxd1 Ba6 25. Bb3 Bxc4 26.
Bxa2 Bxa2 27. Ra1 Bc4 28. Ra7 b5 29. Rxc7 Kf6 30. Ra7 Ke6 31. Ra6+ Kd7 32.
Ra7+ Kd6 33. Ra6+ Nc6 34. Kf2 Kd7 35. Kg3 Nd8 36. h4 gxh4+ 37. Kxh4 Ke7 38.
Kg3 Ne6 39. Kf2 Nf4 40. g3 Ne2 41. Ra3 Kf6 42. Kg2 Kg5 43. Kf2 f5 44. exf5
gxf5 45. Kg2 f4 46. gxf4+ Kxf4 47. Kf2 Nc1 48. Ra8 Nd3+ 49. Kg2 Ke3 50. Kg3
Kd2 51. Ra3 Kc2 52. Kg4 Kb2 53. Ra7 Kxc3 54. Kf5 Kxb4 0-1

[Event "68th ch-BUL"]
[Site "Sofia BUL"]
[Date "2004.04.25"]
[Round "2"]
[White "Grigorov,G"]
[Black "Bratanov,Z"]
[Result "0-1"]
[WhiteElo "2275"]
[BlackElo "2427"]
[EventDate "2004.04.24"]

1. d4 Nf6 2. c4 e6 3. Nc3 c5 4. d5 exd5 5. cxd5 Bd6 6. Nf3 Bc7 7. g3 d6 8.
Bg2 O-O 9. O-O a6 10. a4 Re8 11. Nd2 Nbd7 12. Nc4 Nb6 13. b3 Nxc4 14. bxc4
Ba5 15. Bd2 Rb8 16. Qc2 Bd7 17. e4 Ng4 18. f4 Qf6 19. e5 dxe5 20. h3 Bf5
21. Qc1 Ne3 22. Bxe3 exf4 23. Bd2 fxg3 24. Ne4 Rxe4 25. Bxa5 Qd4+ 26. Kh1
Bxh3 27. Bxh3 Re2 0-1

[Event "68th ch-BUL"]
[Site "Sofia BUL"]
[Date "2004.04.25"]
[Round "2"]
[White "Iotov,V"]
[Black "Cheparinov,I"]
[Result "0-1"]
[WhiteElo "2342"]
[BlackElo "2555"]
[EventDate "2004.04.24"]

1. d4 Nf6 2. c4 g6 3. Nc3 Bg7 4. e4 d6 5. Nf3 O-O 6. Be2 e5 7. O-O Nc6 8.
d5 Ne7 9. Ne1 Nd7 10. Be3 f5 11. f3 f4 12. Bf2 g5 13. Rc1 Rf6 14. Nd3 Rh6
15. c5 Qe8 16. Be1 Qh5 17. h3 Nxc5 18. Nf2 Qe8 19. Nb5 Qd8 20. b4 Na6 21.
Qb3 Kh8 22. Ng4 Rg6 23. Bf2 h5 24. Nh2 Bd7 25. Nxa7 Qb8 26. Nb5 c6 27. Nc3
Nc7 28. Na4 Nc8 29. Nb6 Nxb6 30. Bxb6 Ne8 31. Rfd1 Nf6 32. dxc6 bxc6 33.
Bf2 d5 34. b5 cxb5 35. exd5 e4 36. fxe4 g4 37. hxg4 hxg4 38. Bd4 f3 39. e5
fxe2 40. Re1 Nh5 41. Rxe2 Ra4 42. Bb2 Qb6+ 43. Qe3 Nf4 44. e6 Nxe2+ 45. Kf2
Qxe3+ 0-1

[Event "68th ch-BUL"]
[Site "Sofia BUL"]
[Date "2004.04.25"]
[Round "2"]
[White "Nikolov,M"]
[Black "Spasov,V"]
[Result "1/2-1/2"]
[WhiteElo "2364"]
[BlackElo "2542"]
[EventDate "2004.04.24"]

1. e4 c5 2. Nf3 Nc6 3. d4 cxd4 4. Nxd4 Nf6 5. Nc3 e5 6. Ndb5 d6 7. Bg5 a6
8. Na3 b5 9. Bxf6 gxf6 10. Nd5 f5 11. exf5 Bxf5 12. c3 Bg7 13. Nc2 Ne7 14.
Nce3 Be6 15. g3 Nxd5 16. Nxd5 O-O 17. Bg2 a5 18. O-O f5 19. Qh5 Kh8 20.
Rad1 Bf7 21. Qh3 Rc8 22. Kh1 Rc5 23. Rd2 Bxd5 24. Bxd5 e4 25. Rfd1 Qe7 26.
a3 Be5 27. Re2 Qg5 28. f4 exf3 29. Bxf3 Rc7 30. Qh5 Qxh5 31. Bxh5 b4 32.
cxb4 axb4 33. Rd3 bxa3 34. bxa3 Kg7 35. Bf3 f4 36. Kg2 fxg3 1/2-1/2

[Event "68th ch-BUL"]
[Site "Sofia BUL"]
[Date "2004.04.25"]
[Round "2"]
[White "Radulski,J"]
[Black "Rusev,K"]
[Result "1-0"]
[WhiteElo "2497"]
[BlackElo "2395"]
[EventDate "2004.04.24"]

1. e4 c5 2. Nf3 d6 3. d4 Nf6 4. Nc3 cxd4 5. Nxd4 Nc6 6. Bg5 e6 7. Qd2 a6 8.
Rd1 Bd7 9. Be2 Be7 10. O-O h6 11. Bh4 O-O 12. Nb3 Nxe4 13. Bxe7 Nxd2 14.
Bxd8 Nxb3 15. Bb6 Nba5 16. b4 d5 17. bxa5 Rfc8 18. Ne4 Ne5 19. Nc5 Bb5 20.
Bxb5 axb5 21. Rb1 1-0

[Event "68th ch-BUL"]
[Site "Sofia BUL"]
[Date "2004.04.25"]
[Round "2"]
[White "Kolev,At"]
[Black "Genov,Peta"]
[Result "1/2-1/2"]
[WhiteElo "2540"]
[BlackElo "2483"]
[EventDate "2004.04.24"]

1. d4 Nf6 2. c4 e6 3. Nc3 Bb4 4. g3 c5 5. Nf3 Ne4 6. Qd3 Qa5 7. Qxe4 Bxc3+
8. Bd2 Bxd2+ 9. Nxd2 Nc6 10. d5 Nd4 11. Bg2 Nb3 12. Rd1 Qxa2 13. O-O Qxb2
14. dxe6 dxe6 15. Nxb3 Qxb3 16. Qe5 O-O 17. Qxc5 e5 18. Rd3 Qb2 19. Qe3 Be6
20. Rb3 Qd4 21. Rc1 Rac8 22. Rxb7 Rxc4 23. Rxc4 Qxe3 24. fxe3 Bxc4 25. Kf2
a6 26. Rc7 Bb5 27. Ra7 g6 28. Bb7 Kg7 29. Bxa6 1/2-1/2

[Event "68th ch-BUL"]
[Site "Sofia BUL"]
[Date "2004.04.25"]
[Round "2"]
[White "Georgiev,Kr"]
[Black "Dochev,D"]
[Result "1/2-1/2"]
[WhiteElo "2461"]
[BlackElo "2359"]
[EventDate "2004.04.24"]

1. e4 e6 2. d3 d5 3. Nd2 c5 4. Ngf3 Nc6 5. Be2 g6 6. O-O Bg7 7. exd5 exd5
8. d4 c4 9. Re1 Nge7 10. Nf1 O-O 11. b3 Nf5 12. c3 b5 13. Bg5 1/2-1/2

[Event "68th ch-BUL"]
[Site "Sofia BUL"]
[Date "2004.04.26"]
[Round "3"]
[White "Genov,Peta"]
[Black "Georgiev,Kr"]
[Result "1/2-1/2"]
[WhiteElo "2483"]
[BlackElo "2461"]
[EventDate "2004.04.24"]

1. d4 Nf6 2. Nf3 g6 3. c4 Bg7 4. Nc3 O-O 5. g3 c6 6. Bg2 d6 7. O-O a6 8. e4
b5 9. e5 Ne8 10. c5 d5 11. Bf4 a5 12. Qd2 Na6 1/2-1/2

[Event "68th ch-BUL"]
[Site "Sofia BUL"]
[Date "2004.04.26"]
[Round "3"]
[White "Rusev,K"]
[Black "Kolev,At"]
[Result "1/2-1/2"]
[WhiteElo "2395"]
[BlackElo "2540"]
[EventDate "2004.04.24"]

1. c4 Nf6 2. g3 e5 3. Bg2 d5 4. cxd5 Nxd5 5. Nf3 Nc6 6. O-O Nb6 7. d3 Be7
8. a3 O-O 9. b4 Bf6 10. Ne1 a5 11. b5 e4 12. Ra2 Be6 13. bxc6 Bxa2 14. cxb7
Rb8 15. Qc2 Bxb1 16. Qxb1 Rxb7 17. Bxe4 Rb8 18. Qc2 Nd5 19. Bg2 Qd6 20. Nf3
Nc3 21. Re1 Rfe8 22. Kf1 Nb5 23. Nd2 Nxa3 24. Qa4 Nb5 25. Qxa5 Bc3 26. Qa4
Nd4 27. Qa2 Qd7 28. e3 Bxd2 29. Qxd2 Nb3 30. Qc3 Nxc1 31. Rxc1 c5 32. Be4
Rec8 33. Kg2 g6 34. h4 h5 35. Qe5 Qc7 36. Qg5 Kg7 37. g4 hxg4 38. h5 Qd6
39. hxg6 fxg6 40. Qxg4 Rh8 41. Ra1 Rh2+ 42. Kg1 Rh5 43. Ra7+ Kh6 44. Rh7+
Kxh7 45. Qxh5+ Kg7 46. Qg5 Rb2 47. Qg4 Qf6 48. Qg3 Kh6 49. Qh2+ Kg7 50. Qg3
Kh8 51. Qh2+ 1/2-1/2

[Event "68th ch-BUL"]
[Site "Sofia BUL"]
[Date "2004.04.26"]
[Round "3"]
[White "Cheparinov,I"]
[Black "Nikolov,M"]
[Result "1-0"]
[WhiteElo "2555"]
[BlackElo "2364"]
[EventDate "2004.04.24"]

1. e4 c5 2. Nf3 e6 3. d4 cxd4 4. Nxd4 a6 5. Bd3 Nf6 6. O-O d6 7. c4 Bd7 8.
f4 Nc6 9. Nf3 Nb4 10. Kh1 Nxd3 11. Qxd3 Bc6 12. Nc3 Be7 13. Be3 O-O 14. Nd4
Rc8 15. Rad1 Qc7 16. Rc1 Qb8 17. a4 Rfd8 18. f5 e5 19. Nc2 h6 20. a5 Bf8
21. b4 Bd7 22. Bb6 Re8 23. Ne3 Be7 24. Rfd1 Bf8 25. h3 Bc6 26. b5 Bd7 27.
Ned5 Nxd5 28. Nxd5 Be7 29. Qg3 Kh7 30. Be3 axb5 31. f6 Bxf6 32. Nxf6+ gxf6
33. Qh4 Re6 34. Bxh6 Rh8 35. Rf1 f5 36. Rxf5 Rxh6 37. Rxf7+ Kg6 38. Rf6+
Kg7 39. Qg5+ 1-0

[Event "68th ch-BUL"]
[Site "Sofia BUL"]
[Date "2004.04.26"]
[Round "3"]
[White "Bratanov,Z"]
[Black "Iotov,V"]
[Result "0-1"]
[WhiteElo "2427"]
[BlackElo "2342"]
[EventDate "2004.04.24"]

1. Nf3 Nf6 2. c4 e6 3. g3 a6 4. Bg2 b5 5. b3 Bb7 6. O-O c5 7. e3 Qb6 8. d4
Be7 9. Nc3 Ne4 10. Bb2 O-O 11. d5 Nxc3 12. Bxc3 exd5 13. cxd5 Bf6 14. Bxf6
Qxf6 15. d6 Rc8 16. Rc1 a5 17. Nd4 Bxg2 18. Kxg2 Qxd6 19. Nxb5 Qc6+ 20. Qf3
a4 21. b4 Na6 22. Qxc6 Rxc6 23. bxc5 Nxc5 24. Rfd1 Rb8 25. Nc3 g6 26. Nd5
Kg7 27. Ne7 Rc7 28. Rc2 a3 29. Nd5 Rc6 30. Ne7 Rc7 31. Nd5 Rc6 32. Nf4 Rb2
33. Re2 g5 34. Rxb2 axb2 35. Ne2 Ne4 36. Rb1 Rb6 0-1

[Event "68th ch-BUL"]
[Site "Sofia BUL"]
[Date "2004.04.26"]
[Round "3"]
[White "Chatalbashev,B"]
[Black "Grigorov,G"]
[Result "1/2-1/2"]
[WhiteElo "2543"]
[BlackElo "2275"]
[EventDate "2004.04.24"]

1. d4 Nf6 2. c4 e6 3. Nf3 b6 4. e3 Bb7 5. Nc3 Bb4 6. Bd3 c5 7. O-O O-O 8.
Na4 cxd4 9. exd4 Bxf3 10. Qxf3 Nc6 11. Be3 d5 12. a3 Be7 13. c5 e5 14. dxe5
Nxe5 15. Qf5 Nxd3 16. Qxd3 Qd7 17. b3 bxc5 18. Nxc5 Bxc5 19. Bxc5 Rfc8 20.
Bd4 Ne4 21. Rad1 Nc5 22. Qg3 Ne6 23. Be5 Kh8 24. Rfe1 f6 25. Ba1 Re8 26. h4
Rad8 27. Qg4 Qd6 28. h5 h6 29. Qg6 Qd7 30. Qf5 d4 31. b4 Qf7 32. b5 Rd6 33.
a4 Red8 34. Rd3 Nf8 35. Bb2 Rd5 36. Qg4 Rg5 37. Qf3 Ne6 38. Ba3 Nc5 39.
Bxc5 Rxc5 40. Re4 Qc4 41. Qd1 Rcd5 42. Re7 Qc5 43. Qe2 Re5 44. Rxe5 fxe5
45. Qe4 Qc2 46. f3 Rf8 47. Kh2 Qc5 48. Rd2 Qb4 49. Re2 Qxa4 50. Qxe5 d3 51.
Re4 Qb3 52. Rg4 Qf7 53. Rd4 1/2-1/2

[Event "68th ch-BUL"]
[Site "Sofia BUL"]
[Date "2004.04.27"]
[Round "4"]
[White "Iotov,V"]
[Black "Chatalbashev,B"]
[Result "1/2-1/2"]
[WhiteElo "2342"]
[BlackElo "2543"]
[EventDate "2004.04.24"]

1. d4 Nf6 2. c4 c5 3. d5 e5 4. Nc3 d6 5. e4 Be7 6. g3 a6 7. a4 Nbd7 8. Bg2
O-O 9. Nge2 Ne8 10. O-O g6 11. Bh6 Ng7 12. Qd2 f5 13. f4 exf4 14. Nxf4 Ne5
15. Qe2 Bf6 16. h3 Re8 17. Rae1 Nf7 18. Bxg7 Kxg7 19. Qc2 Bd4+ 20. Kh1 Qg5
21. Kh2 Nh6 22. Nce2 Be5 23. Ng1 fxe4 24. Qd2 Bxf4 25. Qxf4 Qxf4 26. Rxf4
e3 27. Rf3 Bd7 28. a5 Nf5 29. g4 Nd4 30. Rfxe3 g5 31. Nf3 Nxf3+ 32. Bxf3
Kf6 33. Kg3 h6 34. Rxe8 Rxe8 35. Rxe8 Bxe8 36. Kf2 Ke5 37. Ke3 Ba4 38. Be2
Bd7 39. b3 Kf6 40. Ke4 Be8 41. Bd3 h5 42. Ke3 hxg4 43. hxg4 Bd7 44. Be2 Ke5
45. Bd1 Kf6 46. Be2 Ke7 47. Kf3 Kf7 48. Ke3 Kf6 49. Bd1 Be8 50. Bc2 Bd7 51.
Bd1 Ke7 52. Kf3 1/2-1/2

[Event "68th ch-BUL"]
[Site "Sofia BUL"]
[Date "2004.04.27"]
[Round "4"]
[White "Nikolov,M"]
[Black "Bratanov,Z"]
[Result "0-1"]
[WhiteElo "2364"]
[BlackElo "2427"]
[EventDate "2004.04.24"]

1. d4 d5 2. c4 dxc4 3. e3 Nf6 4. Bxc4 e6 5. Nc3 a6 6. Nf3 c5 7. O-O b5 8.
Bb3 Bb7 9. Qe2 Nbd7 10. Rd1 Qb6 11. e4 cxd4 12. Nd5 exd5 13. exd5+ Be7 14.
Nxd4 Kf8 15. Nf5 Bc5 16. Bf4 Re8 17. Qc2 Ne4 18. Bg3 Qf6 19. Nh4 g5 20. Nf3
h5 21. Re1 h4 22. Rxe4 Rxe4 23. Qxe4 hxg3 24. hxg3 Qxb2 25. Rf1 Qf6 26. Re1
Qh6 27. Kf1 Kg7 28. Qf5 Nf6 29. Nxg5 Bc8 30. Qf4 Bg4 31. f3 Qh1+ 32. Ke2
Qxg2+ 33. Kd3 Bh5 34. d6 Bg6+ 35. Ne4 Nxe4 36. fxe4 Qb2 37. Re2 Qd4+ 38.
Kc2 Bxd6 0-1

[Event "68th ch-BUL"]
[Site "Sofia BUL"]
[Date "2004.04.27"]
[Round "4"]
[White "Radulski,J"]
[Black "Cheparinov,I"]
[Result "1/2-1/2"]
[WhiteElo "2497"]
[BlackElo "2555"]
[EventDate "2004.04.24"]

1. e4 c5 2. Nf3 Nc6 3. d4 cxd4 4. Nxd4 Nf6 5. Nc3 e5 6. Ndb5 d6 7. Bg5 a6
8. Na3 b5 9. Nd5 Be7 10. Nxe7 Nxe7 11. Bxf6 gxf6 12. Qd2 Bb7 13. O-O-O d5
14. exd5 Qxd5 15. Qxd5 Nxd5 16. c4 bxc4 17. Nxc4 Ke7 18. Na5 Rac8+ 19. Kb1
Rhd8 20. Nxb7 Nc3+ 21. bxc3 Rxd1+ 22. Kc2 Ra1 23. Kb2 Rxf1 1/2-1/2

[Event "68th ch-BUL"]
[Site "Sofia BUL"]
[Date "2004.04.27"]
[Round "4"]
[White "Georgiev,Kr"]
[Black "Rusev,K"]
[Result "0-1"]
[WhiteElo "2461"]
[BlackElo "2395"]
[EventDate "2004.04.24"]

1. e4 c5 2. Nf3 d6 3. c3 Nf6 4. Be2 Bd7 5. d3 Bc6 6. O-O Nbd7 7. Nbd2 g6 8.
d4 cxd4 9. cxd4 Bxe4 10. Nxe4 Nxe4 11. Qb3 Bg7 12. Qxb7 Nef6 13. Re1 O-O
14. Bf1 e6 15. Bf4 Nb6 16. Qc6 Ne8 17. Rac1 Nd5 18. Bd2 a5 19. Qa4 Ne7 20.
Rc2 Nf6 21. Rc3 Nfd5 22. Ra3 Nf5 23. Bd3 Nb6 24. Qb5 Nxd4 25. Nxd4 Bxd4 26.
Bxa5 Qf6 27. Rf1 Nd5 28. Rb3 Rfc8 29. Bd2 Rxa2 30. Be4 Nc7 31. Qb7 Qxf2+
0-1

[Event "68th ch-BUL"]
[Site "Sofia BUL"]
[Date "2004.04.28"]
[Round "5"]
[White "Rusev,K"]
[Black "Dochev,D"]
[Result "1-0"]
[WhiteElo "2395"]
[BlackElo "2359"]
[EventDate "2004.04.24"]

1. c4 g6 2. g3 Bg7 3. Bg2 d6 4. Nc3 c5 5. a3 Nc6 6. Rb1 a5 7. Nf3 e5 8. d3
Nge7 9. O-O O-O 10. Bg5 h6 11. Bxe7 Nxe7 12. Ne1 Nc6 13. Nc2 a4 14. Ne3 Qa5
15. Nb5 Rd8 16. Nd5 Kh7 17. e3 Na7 18. Nbc3 Bd7 19. b4 axb3 20. Rxb3 Bc6
21. h4 Rab8 22. h5 b5 23. hxg6+ fxg6 24. Be4 bxc4 25. dxc4 Be8 26. Qc2 Rxb3
27. Qxb3 Nc6 28. Qb7 Rb8 29. Qc7 Qxc7 30. Nxc7 Na5 31. Nxe8 Rxe8 32. Nb5
Nxc4 33. Rc1 Nd2 34. Bd5 e4 35. a4 c4 36. a5 Nf3+ 37. Kg2 Re5 38. Nc7 Rh5
39. Bxe4 Nd2 40. Bd5 Nb3 41. a6 1-0

[Event "68th ch-BUL"]
[Site "Sofia BUL"]
[Date "2004.04.28"]
[Round "5"]
[White "Cheparinov,I"]
[Black "Kolev,At"]
[Result "1/2-1/2"]
[WhiteElo "2555"]
[BlackElo "2540"]
[EventDate "2004.04.24"]

1. e4 e5 2. Nf3 Nc6 3. Bb5 a6 4. Ba4 Nf6 5. O-O b5 6. Bb3 Bc5 7. c3 d6 8.
a4 Rb8 9. d4 Bb6 10. Na3 O-O 11. axb5 axb5 12. Nxb5 exd4 13. cxd4 Bg4 14.
Bc2 d5 15. Bg5 dxe4 16. Bxe4 Bxf3 17. Qxf3 Nxd4 1/2-1/2

[Event "68th ch-BUL"]
[Site "Sofia BUL"]
[Date "2004.04.28"]
[Round "5"]
[White "Bratanov,Z"]
[Black "Radulski,J"]
[Result "1/2-1/2"]
[WhiteElo "2427"]
[BlackElo "2497"]
[EventDate "2004.04.24"]

1. d4 Nf6 2. Nf3 d6 3. c4 Nbd7 4. Nc3 e5 5. e4 Be7 6. Be2 O-O 7. O-O c6 8.
Re1 Re8 9. Bf1 Qc7 10. Rb1 a6 11. b4 Bf8 12. Bg5 h6 13. Bh4 Nh5 14. Rc1
exd4 15. Nxd4 Ne5 16. f3 b5 17. cxb5 axb5 18. Ncxb5 Qb7 19. Nc3 Qxb4 20.
Bf2 Bd7 21. Qc2 Nf6 22. Rb1 Qa5 23. a4 Reb8 24. Rec1 d5 25. Nb3 Qd8 26. Nc5
Rxb1 27. Rxb1 Bc8 28. Rd1 Qa5 29. Nb3 Qb4 30. exd5 Nxd5 31. Nxd5 1/2-1/2

[Event "68th ch-BUL"]
[Site "Sofia BUL"]
[Date "2004.04.28"]
[Round "5"]
[White "Chatalbashev,B"]
[Black "Nikolov,M"]
[Result "1/2-1/2"]
[WhiteElo "2543"]
[BlackElo "2364"]
[EventDate "2004.04.24"]

1. d4 Nf6 2. c4 d6 3. Nc3 e5 4. Nf3 e4 5. Ng5 Bf5 6. g4 Bxg4 7. Bg2 Be7 8.
Ngxe4 Nxe4 9. Bxe4 c6 10. Qd3 Bh5 11. h4 Nd7 12. Bg5 Nf6 13. Bf5 Bg6 14.
O-O-O Ng4 15. Bxe7 Qxe7 16. Rdf1 Nf6 17. Rfg1 Bxf5 18. Qxf5 g6 19. Qa5 Qd8
20. Qg5 Nh5 21. Ne4 f5 22. Ng3 Qxg5+ 23. hxg5 Nf4 24. Rh4 Ne6 25. d5 cxd5
26. cxd5 Rc8+ 27. Kd2 Nc5 28. b4 Nd7 29. Rgh1 h5 30. gxh6 Kf7 31. e4 Ne5
32. exf5 Nf3+ 33. Kd3 Nxh4 34. Rxh4 Rc1 35. fxg6+ Kxg6 36. Rg4+ Kf6 37.
Rf4+ Kg6 38. Rg4+ Kf6 39. Ne4+ Kf5 40. Rg5+ Kf4 41. Rh5 Rd1+ 42. Ke2 Ra1
43. Nxd6 Rxa2+ 44. Kd3 Kg4 45. Rh2 Ra6 46. Nf7 Rh7 47. Rg2+ Kf4 48. Nd8
Raxh6 49. Ne6+ Ke5 50. Kc4 Kd6 51. f4 Rf7 52. Rg8 Rxe6 53. dxe6 Rxf4+ 54.
Kb5 Rf5+ 55. Kc4 Kxe6 56. b5 Rf4+ 57. Kc5 Rf5+ 58. Kc4 Kd6 59. Ra8 Rf4+ 60.
Kb3 Kc5 61. Rxa7 Rf3+ 62. Kb2 b6 63. Rh7 Kxb5 64. Rh5+ Ka4 65. Rh4+ 1/2-1/2

[Event "68th ch-BUL"]
[Site "Sofia BUL"]
[Date "2004.04.28"]
[Round "5"]
[White "Grigorov,G"]
[Black "Iotov,V"]
[Result "1-0"]
[WhiteElo "2275"]
[BlackElo "2342"]
[EventDate "2004.04.24"]

1. d4 Nf6 2. c4 e6 3. Nc3 Bb4 4. Qc2 c5 5. dxc5 O-O 6. Bf4 Na6 7. Bd6 Re8
8. a3 Bxc5 9. Bxc5 Nxc5 10. b4 Na6 11. Nf3 d5 12. e3 Bd7 13. c5 Nc7 14. Ne5
a5 15. Rb1 axb4 16. axb4 Ne4 17. Nxe4 Ba4 18. Qb2 dxe4 19. Be2 Qf6 20. O-O
Nd5 21. b5 Rec8 22. Rfc1 Bb3 23. c6 bxc6 24. Nxc6 Qxb2 25. Rxb2 Ba4 26. h3
Kf8 27. Rc4 Ne7 28. Nxe7 Rxc4 29. Bxc4 Kxe7 30. Ra2 Bxb5 31. Rxa8 Bxc4 32.
Kh2 Kf6 33. Kg3 Kf5 34. Ra5+ e5 35. Rc5 Be6 36. Kh2 h5 37. Kg1 g5 38. Kf1
h4 39. Ke2 f6 40. Kd2 Bf7 41. Kc3 Bh5 42. Kb4 Be2 43. Rc1 g4 44. Kc5 gxh3
45. gxh3 Ke6 46. Rg1 Kf5 47. Kd6 Bf3 48. Kd7 Be2 49. Ke7 Bh5 50. Kf8 Bf3
51. Kf7 Be2 52. Kg7 Bh5 53. Rg2 Ke6 54. Kh6 Bf3 55. Rg1 Kf5 56. Rg6 Be2 57.
Kg7 Bf1 58. Rg4 Bxh3 59. Rxh4 Bg2 60. Rh6 Bf3 61. Rxf6+ Kg4 62. Kf7 Kh3 63.
Ke6 Kg2 64. Kxe5 Kxf2 65. Kf4 Ke2 66. Rd6 Bh1 67. Rd4 Bf3 68. Rxe4 Bxe4 69.
Kxe4 1-0

[Event "68th ch-BUL"]
[Site "Sofia BUL"]
[Date "2004.04.28"]
[Round "6"]
[White "Nikolov,M"]
[Black "Grigorov,G"]
[Result "1-0"]
[WhiteElo "2364"]
[BlackElo "2275"]
[EventDate "2004.04.24"]

1. c4 e6 2. e4 d5 3. exd5 exd5 4. d4 dxc4 5. Bxc4 Nf6 6. Nf3 Bb4+ 7. Nc3
O-O 8. O-O Nc6 9. h3 h6 10. a3 Bd6 11. Qd3 Ne7 12. Ne5 Be6 13. Bf4 Bxc4 14.
Qxc4 c6 15. Rfe1 Ned5 16. Bg3 Be7 17. Re2 Nh5 18. Bh2 Nhf4 19. Re4 Nxc3 20.
bxc3 Nd5 21. Qd3 Nf6 22. Re2 c5 23. Rae1 Re8 24. Nc4 cxd4 25. cxd4 Bf8 26.
Rxe8 Nxe8 27. d5 Nd6 28. Ne5 Rc8 29. Bf4 Qa5 30. Bd2 Qa4 31. Bb4 Re8 32.
Re3 a5 33. Bd2 Rc8 34. Rf3 Qd1+ 35. Kh2 Qc2 36. Bxa5 Qxd3 37. Rxd3 Ne4 38.
f3 Nc5 39. Rc3 Bd6 40. f4 Re8 41. Bb4 Rxe5 42. Rxc5 Re8 43. Rc4 b5 44. Rd4
Bxb4 45. axb4 Rc8 46. Kg3 Rc3+ 47. Kg4 g6 48. d6 f5+ 49. Kh4 Rc8 50. d7 Rd8
51. Rd6 Kf7 52. g4 fxg4 53. hxg4 Kg7 54. Kg3 Kf7 55. Kf3 h5 56. g5 Kg7 57.
Ke4 Kf7 58. Kd5 h4 59. Kc6 h3 60. Rd2 Ke6 61. Kc7 1-0

[Event "68th ch-BUL"]
[Site "Sofia BUL"]
[Date "2004.04.28"]
[Round "6"]
[White "Radulski,J"]
[Black "Chatalbashev,B"]
[Result "1/2-1/2"]
[WhiteElo "2497"]
[BlackElo "2543"]
[EventDate "2004.04.24"]

1. e4 g6 2. d4 Bg7 3. Nf3 d6 4. Nc3 a6 5. Be2 Nd7 6. h4 h6 7. h5 g5 8. Be3
e6 9. Qd2 b5 10. a3 Bb7 11. O-O-O Ngf6 12. d5 e5 13. Nh2 Nb6 14. g3 Qe7 15.
Ng4 Bc8 16. Nxf6+ Bxf6 17. Bxb6 cxb6 18. g4 O-O 1/2-1/2

[Event "68th ch-BUL"]
[Site "Sofia BUL"]
[Date "2004.04.28"]
[Round "6"]
[White "Kolev,At"]
[Black "Bratanov,Z"]
[Result "0-1"]
[WhiteElo "2540"]
[BlackElo "2427"]
[EventDate "2004.04.24"]

1. Nf3 d5 2. d4 Nf6 3. c4 dxc4 4. e3 e6 5. Bxc4 c5 6. O-O Nc6 7. Qe2 cxd4
8. Rd1 Be7 9. exd4 O-O 10. a3 Nd5 11. Nc3 Bf6 12. Ne4 Nce7 13. Nxf6+ gxf6
14. Bh6 Re8 15. Qe4 Kh8 16. Bd3 Ng6 17. g3 Bd7 18. Rac1 Bc6 19. Qe2 Rg8 20.
Kf1 Qd7 21. h4 Rae8 22. h5 Nge7 23. Qe4 Nf5 24. Rxc6 Qxc6 25. Rc1 Qb6 26.
Nh4 Nde7 27. g4 Qxd4 28. gxf5 Qxe4 29. Bxe4 Rg4 30. fxe6 fxe6 31. Bxb7 Rxh4
32. Rc7 Nf5 33. Bc6 Rd8 0-1

[Event "68th ch-BUL"]
[Site "Sofia BUL"]
[Date "2004.04.28"]
[Round "6"]
[White "Georgiev,Kr"]
[Black "Cheparinov,I"]
[Result "1/2-1/2"]
[WhiteElo "2461"]
[BlackElo "2555"]
[EventDate "2004.04.24"]

1. e4 c5 2. Nf3 Nc6 3. Bb5 d6 4. O-O Bd7 5. Re1 Nf6 6. h3 a6 7. Bf1 e5 8.
c3 Be7 9. d4 cxd4 10. cxd4 exd4 11. Nxd4 d5 12. exd5 Nxd5 13. Bc4 Nb6 14.
Bg5 O-O 15. Nxc6 Bxc6 16. Bxe7 Qxd1 17. Rxd1 Rfe8 18. Bxf7+ Kxf7 19. Bc5
Nd5 20. Nc3 Nxc3 21. bxc3 Rad8 1/2-1/2